000 01093nam a22003017a 4500
001 BR8700153
003 BR-BrBNA
005 20230928092322.0
007 ta
008 230509b bl.||||| |||| 00| 0 por d
040 _aBR-BrBNA
_bpor
_cBiblioteca Nacional de Agricultura
041 _a(Por)
072 _aE50
_b/G514
090 _ E50 BR8700153
110 1 _aSecretaria de Estado do Planejamento e Coordenacao Geral, Belo Horizonte, MG (Brasil);
_98929
110 1 _aSecretaria de Estado da Agricultura, Belo Horizonte, MG (Brasil);
_98795
110 1 _aFundacao Joao Pinheiro, Belo Horizonte, MG (Brasil)
_94974
245 1 _aPrograma estadual de promocao de pequenos produtores rurais; produtores de baixa renda de Minas Gerais
260 3 _aBelo Horizonte, MG (Brasil):
_c1979.
300 _a72 p.
500 _a(*) Documento disponível no(a) Fundacao Joao Pinheiro, Belo Horizonte, MG (Brazil)
650 _aPEQUENO PRODUTOR
650 _aSOCIOLOGIA RURAL
650 _aMINAS GERAIS
650 _aPROMOCAO SOCIAL
909 _a202309
_bLucia
_c55
_dLucia Elande
942 _cBK
999 _c38316
_d38316